Coréens célèbres par images - Statistiques

Statistiques générales
  • Ce quiz a été pris 544 fois
    61 depuis la dernière actualisation
  • Le résultat moyen est 7 sur 16
Statistiques - réponses
Par images Réponse % Correct
PSY
91%
Daniel Dae Kim
86%
Kim Jong-un
62%
Son Heung-Min
62%
Kim Yo-Jong
57%
Park Chan-Wook
50%
Park Ji-sung
50%
Jungkook
47%
Kim Jong-Il
41%
Bong Joon-ho
36%
IU
36%
Lee Jung-jae
31%
Kim Il-sung
19%
Song Kang-ho
17%
Steven Yeun
12%
Ban Ki-moon
10%
Aucun quiz correspondant
Distribution des résultats
% des personnes avec chaque résultat
Percentile par nombre de réponses
Votre historique - résultats
Vous n’avez pas pris ce quiz depuis la dernière actualisation